| 000 | 00662nam a22002177a 4500 | ||
|---|---|---|---|
| 005 | 20170124110024.0 | ||
| 010 | _aA-816943 | ||
| 020 |
_c00.00 _a0074623931 |
||
| 035 | _aA-816943 | ||
| 037 | _bCen Lib/Ret | ||
| 040 |
_aDPL _bEN |
||
| 082 |
_a574.03 _bSAR |
||
| 100 |
_aSarin, Chanchal _920233 |
||
| 245 |
_aTata mcgraw-hill's dictionary of biology / _cby Chanchal Sarin |
||
| 260 |
_aNew Delhi _bTata McGraw-Hill _c1996 |
||
| 270 |
_bNew Delhi _a4/21, Asaf Ali Road _e110002 |
||
| 300 |
_a394p.: _c20cm(Hb) _bill. |
||
| 650 |
_aBiology _vDictionaries _920234 |
||
| 650 |
_aBiologists _vDictionaries _920235 |
||
| 942 |
_2ddc _cEN _h574.03 _mSAR |
||
| 999 |
_c127349 _d127349 |
||